|
|
|
|
| LEADER |
00000nam a2200000 a 4500 |
| 001 |
vtls001176861 |
| 003 |
SK-MaSNL |
| 005 |
20260301151817.0 |
| 008 |
251113s1995 FR 0 fre |
| 015 |
|
|
|a ZS1995/0000203
|
| 020 |
|
|
|a 2218073579
|
| 035 |
|
|
|a SNK000119858
|
| 040 |
|
|
|a SNK
|b slo
|c SNK
|e AACR2
|
| 041 |
0 |
|
|a fre
|
| 044 |
|
|
|a FR
|
| 080 |
|
|
|a 943.71/.72+943.76=40
|2 1981
|
| 080 |
|
|
|a 943.76
|2 1981
|
| 100 |
1 |
|
|a Marès, Antoine,
|d 1950-
|4 aut
|9 91057
|
| 245 |
1 |
|
|a Histoire des Pays tcheques et slovaque
|c Antoine Mares ; couv. E. Aparicio ; cartographie Krystyna Mazoyer
|
| 260 |
|
|
|a Paris
|b Hatier
|c 1995
|e Luçon
|f Pollina
|
| 300 |
|
|
|a 383 s.
|b fotogr., mp.
|c 21 cm
|
| 490 |
1 |
|
|a Nations d'Europe
|
| 504 |
|
|
|a Bibliogr. Reg.
|
| 650 |
0 |
7 |
|a Česi
|x Slováci
|x dejiny
|x monografie
|2 SNK
|9 511080
|
| 650 |
0 |
7 |
|a Slováci
|x dejiny
|x monografie
|2 SNK
|9 511081
|
| 655 |
|
7 |
|a odborné publikácie
|2 SNK
|9 60423
|
| 700 |
1 |
|
|a Aparicio, E.
|4 nob
|9 511082
|
| 700 |
1 |
|
|a Mazoyer, Krystyna
|4 kar
|9 511083
|
| 830 |
|
0 |
|a Nations d'Europe
|9 511084
|
| 919 |
|
|
|a 2-218-07357-9
|
| 958 |
|
|
|a ZS
|
| 958 |
|
|
|a TL
|
| 958 |
|
|
|a CZ
|
| 958 |
|
|
|a NB
|
| 958 |
|
|
|a OND
|
| 999 |
|
|
|c 787643
|d 789573
|
| 952 |
|
|
|t P60, <03>, [BOOK], {603}
|a SNK
|b SNK
|y PREZ
|7 0
|p 17A0079085
|o snkSC 88418
|0 0
|1 0
|4 0
|d 1997-07-08
|f 1
|l 0
|r 2005-01-01 00:00:00
|w 2026-02-24
|